Pays contenant les lettres "OR" dans le nom - Statistiques

Statistiques générales
  • Ce quiz a été pris 252 fois
  • Le résultat moyen est 8 sur 13
Statistiques - réponses
Pays % Correct
Portugal
91%
Norvège
78%
Corée du Nord
77%
Andorre
73%
Corée du Sud
73%
Comores
60%
Timor oriental
60%
Salvador
59%
Biélorussie
58%
Jordanie
50%
Géorgie
49%
Macédoine du Nord
42%
Guinée équatoriale
35%
Aucun quiz correspondant
Distribution des résultats
% des personnes avec chaque résultat
Percentile par nombre de réponses
Votre historique - résultats
Vous n’avez pas pris ce quiz